000 00785nam a2200229Ia 4500
008
020 _a0850927803 (pbk.)
090 _aJN248
_b DEV
245 0 0 _aDevelopment and democracy :
_breport of the Commonwealth Secretary-General 2003.
246 3 0 _aReport of the Commonwealth Secretary-General 2003.
260 _aLondon, U.K. :
_bCommonwealth Secretariat,
_cc2003.
300 _a52 p. :
_bill. (some col.), 1 col. map ;
_c30 cm.
651 0 _aCommonwealth countries
_xPolitics and government.
610 2 0 _aCommonwealth (Organization)
710 2 _aCommonwealth Secretariat.
907 _a.b10216546
_b26-04-13
_c06-10-06
003
005 20230123134254.0
040 _cNUST
049 _aMAIN
942 _cBOOKS
_kJN248
_m DEV
999 _c163024
_d163024